LEADER 01148nam a2200241 i 4500 001 000000175624 003 CaOOAMICUS 005 20090116000000.0 008 090116s1955 it u000 u mul u 013 $a153107 040 $aSeMil$bita 245 10$aCommunicationes 4. congressus thomistici internationalis. 260 $aRomae :$bOfficium Libri Catholici,$c1955. 300 $a610 p. ;$c25 cm. 490 0 $aBibliotheca Pontificiae Academiae Romanae S. Thomae Aquinatis 650 4$aTomismo - Atti di congressi.$0(OLS)http://semarc/subject/3476 700 1 $aCongressus Thomisticus Internationalis <4. ; 1955 ; Romae>.$0(OLS)http://semarc/name/9214 773 0 $tSapientia Aquinatis.$dRomae : Officium Libri Catholici $g1$w()20599 830 0$aBibliotheca Pontificiae Academiae Romanae S. Thomae Aquinatis.$0(OLS)http://semarc/title/27155 850 $aSeMil 852 $aSeMil$W1$xVenegono$y1$m2P V 51$j126446$B126446$CSeMilBibl$Z2$F138535 $81 996 $6245$aCommunicationes 4. congressus thomistici internationalis$9(OLS)http://semarc/title/251934 996 $6260$aRomae :$bOfficium Libri Catholici$9(OLS)http://semarc/publisher/29816 LEADER 01334nam a2200229 i 4500 001 000000019336 003 CaOOAMICUS 005 20230330122012.0 008 180830s1773 it u000 u ita u 040 $aSeMil$bita 100 1 $aPiselli, Clemente,$d<1650-1715>.$0(OLS)http://semarc/name/8633 245 10$aTheologiae moralis summa, in qua per traditas distinctiones, brevia, ac facilis firmantur theoremata ad quoslibet concientiæ casus resolvendos accommodata. Auctore Clemente Piselli ab Olibano ... Tomus 1. [-2.]. 260 $aVenetiis :$bEx Typographia Balleoniana,$c1773. 300 $a2 v. ;$c12°. 500 $aMarca: Aquila bicipite con una corona tra le due teste. In una cornice figurata. (Repertorio consultato : Marte, BNC Roma) 650 4$aTeologia morale.$0(OLS)http://semarc/subject/91 700 1 $aBaglioni,$c.$0(OLS)http://semarc/name/475 774 0 $tPars 1.$g1$w()50547 774 0 $tPars 2. & 3.$g2$w()218294 996 $6245$aTheologiae moralis summa, in qua per traditas distinctiones, brevia, ac facilis firmantur theoremata ad quoslibet concientiæ casus resolvendos accommodata. Auctore Clemente Piselli ab Olibano ... Tomus 1. [-2.]$9(OLS)http://semarc/title/25423 996 $6260$aVenetiis :$bEx Typographia Balleoniana$9(OLS)http://semarc/publisher/29933